000 01283cam a22003617a 4500
003 CHAP
005 20220817043715.0
008 000921d2000 mx r 00110 spa d
010 _a82313
011 _a83285
035 _a93796
040 _cCHAP
090 _aTesis
100 0 0 _aGonzález Cárdenas, Valentin.
_948798
245 1 3 _aEl procampo y su impacto en la rentabilidad del trigo (triticum aestivum L.) en el D.D.R. 002 Rio Colorado
_c/por Valentin González Cardenas
260 _aChapingo, Méx. :
_bEl autor,
_c1999.
300 _a55 h. ;
_b+ anexos
502 _aTesis (Ing. Agr. Esp. en Suelos) -- UACH. Departamento de Suelos
590 _aALEPH
_b10
_c20130110
_lUCH01
_h1437
590 _aBATCH-UPD
_b10
_c20130110
_lUCH01
_h0804
590 _aBATCH-UPD
_b10
_c20130410
_lUCH01
_h0442
590 _aBATCH-UPD
_b10
_c20130914
_lUCH01
_h1547
590 _aCONVERSION
_b10
_c20130109
_lUCH01
_h1346
650 1 4 _aPolítica agrícola
_zMéxico.
650 1 4 _aTrigo
_xCostos de producción.
_9115000
650 1 4 _aTrigo
_xRendimiento.
_9115092
650 1 4 _aTrigo
_xSonora.
_9115104
901 _aBK
905 _aMayto Villalobos S.
942 _cFOLL
949 _bBC
_cTES
_d33724000794111
_eTS2
_fc.2
_h35413
_i93796
_sb
949 _bBC
_cTES
_d937961
_eTS1
_h34980
_i93796
_sb
999 _c82313
_d82313